000
00301nam a22001217a 4500
008
180504b xxu||||| |||| 00| 0 eng d
041
_a
eng
080
_a
043.3
100
_a
0
101
_a
MEK-MTH
245
_a
Mechatronic in energy efficiency and environmental impact
_c
Hyseni,Sh
942
_2
udc
_c
BK
999
_c
45662
_d
45662